| 000 | 00453nam a2200193Ia 4500 | ||
|---|---|---|---|
| 005 | 20250603145028.0 | ||
| 008 | 250603s9999 xx 000 0 und d | ||
| 020 | _a9780199676507 | ||
| 050 | _aQH 447 .S53/ | ||
| 100 | _aSlack, Jonathan | ||
| 245 | 0 | _aGenes: a very short introduction | |
| 250 | _a1st ed. | ||
| 260 | _aNew York | ||
| 260 | _bOxford University Press | ||
| 260 | _c2014 | ||
| 300 | _a120 p | ||
| 650 | _aNew York | ||
| 942 | _cBK | ||
| 999 |
_c40660 _d40660 |
||